Is a governmental micro-credit program for the poor really pro-poor?: evidence from Vietnam /
Guardado en:
| Hovedforfatter: | |
|---|---|
| Format: | Texto |
| Fag: | |
| Tags: |
Tilføj Tag
Ingen Tags, Vær først til at tagge denne postø!
|
MARC
| LEADER | 00000 a a2200000 04500 | ||
|---|---|---|---|
| 001 | 18617 | ||
| 003 | |||
| 040 | |||
| 100 | |a Viet Cuong, Nguyen | ||
| 245 | |a Is a governmental micro-credit program for the poor really pro-poor?: |b evidence from Vietnam / |c Nguyen Viet Cuong | ||
| 650 | |a POBREZA | ||
| 650 | |a CREDITO | ||
| 650 | |a ASIA | ||
| 650 | |a VIETNAM | ||
| 773 | |g volumen 46, número 3; páginas 151-187 | ||
| 999 | |c 35219 |d 35219 | ||
